| 000 | 00976nam a2200229Ia 4500 | ||
|---|---|---|---|
| 999 |
_c37651 _d37651 |
||
| 001 | 3623 | ||
| 003 | GE_BSU | ||
| 005 | 20190531191837.0 | ||
| 008 | 181216s1961||||ge |||||||||||||| ||geo|| | ||
| 040 | _cGE_BSU | ||
| 041 | _ageo | ||
| 080 | _a811.133.1(075.8) ქ–17 | ||
| 100 |
_aქადეიშვილი,ნ. _91917 |
||
| 245 |
_aCours de Francais. ფრანგული ენის სახელმძღვანელო / _cნ. ქადეიშვილი ; ტ. დობროვსკაია ; თ. ნიჟარაძე ; რედ : მ. ხუხუნი. |
||
| 264 |
_aთბილისი : _bუნ–ტის გამ–ბა, _c1961. |
||
| 300 |
_a456 გვ .: _c22 სმ. |
||
| 653 | _aფრანგული ენა | ||
| 700 |
_aდობროვსკაია, ტ _91918 |
||
| 700 |
_aნიჟარაძე, თ _91919 |
||
| 700 |
_aხუხუნი, ი _eრედაქტორი _91920 |
||
| 942 |
_cBK _2udc |
||